Ride the Lightning all Lyrics - Statistics

General Stats
  • This quiz has been taken 19 times
  • The average score is 140 of 194
Answer Stats
Answer % Correct
I
100%
it
100%
as
93%
death
93%
in
93%
me
93%
the
93%
to
93%
air
86%
be
86%
but
86%
can
86%
chair
86%
charged
86%
controlling
86%
damn
86%
die
86%
electric
86%
else
86%
feel
86%
from
86%
Guilty
86%
it's
86%
my
86%
now
86%
right
86%
someone
86%
this
86%
time
86%
who
86%
ain't
79%
brain
79%
eyes
79%
you
79%
before
71%
burning
71%
can't
71%
flame
71%
flash
71%
god
71%
God
71%
happening
71%
made
71%
say
71%
strapped
71%
take
71%
there's
71%
all
64%
away
64%
don't
64%
I'll
64%
is
64%
life
64%
of
64%
want
64%
your
64%
call
57%
curtain
57%
end
57%
final
57%
for
57%
help
57%
here
57%
they're
57%
trying
57%
wait
57%
am
50%
beginning
50%
doing
50%
just
50%
let
50%
oh
50%
please
50%
see
50%
sign
50%
switch
50%
unfold
50%
what
50%
chilling
43%
cold
43%
dream
43%
fear
43%
friend
43%
get
43%
minutes
43%
moving
43%
only
43%
scream
43%
slow
43%
true
43%
watch
43%
with
43%
consciousness
36%
fingers
36%
flick
36%
hours
36%
if
36%
like
36%
over
36%
seem
36%
sweat
36%
by
29%
frightening
29%
grip
29%
how
29%
Ah
21%
freed
21%
horrid
21%
wakened
21%
No matching quizzes found
Score Distribution
Percent of People with Each Score
Percentile by Number Answered
Your Score History
You have not taken this quiz